000 00326nam a2200133Ia 4500
005 20251222141835.0
008 251222s9999||||xx |||||||||||||| ||spa||
020 _a84-9734-341-7
082 _a922.21/B26
100 _aBastante, Jesús
245 0 _aBenedicto XVI, el Nuevo Papa
264 _bLa Esfera de Libros
942 _cLIB
999 _c7249
_d7249